000 00993nam a2200265Ia 4500
003 OSt
005 20221005105214.0
006 a|||||r|||| 00| 0
007 ta
008 221004b |||||||| |||| 00| 0 hin d
020 _a9788183301909 (hbk)
_cINR 950.00
024 _a37895
037 _b380, 10/03/2018, Eastern Book Linkers
_cTextual
040 _aCRL
_cCRL
_bhin
041 _2hin
_ahin
082 _aL:5, 152Q7
100 _aशर्मा, रमा, ले.
245 0 _aपोषण एवं स्वास्थ्य विज्ञान
246 _aPoṣhaṇ evan swāsthya vijnyāna
260 _aनई दिल्ली
_bअर्जुन पब्लिशिंग हाउस भारत
_c2017
300 _a263पृ0
_ccm.
650 _aस्वास्थ्य विज्ञान
942 _hL:5, 152Q7
_cTEXL
_2cc
999 _c1015115
_d1015115